00683nam a2200193Ia 450000500170000000800460001703700110006304000080007404000080008204000080009004100080009804100080010608400080011410000620012224501890018426000090037330000100038270000970039220260430150201.0008 250103s9999 xx 000 0 eng d aTheses aCRL beng ceng 2eng aeng qCRL aChauhan Sambhavana Au.; Jagreet Kaur Gu.; Rajam M. V. Gu. 0aCharaterization of fusarium oxysporum f. sp. lycopersici specific fascielin - like proteins (FoFLPs) in fungal virulence and development if tranagenic tomato resistant to fusarium wilt c2022 a192p. aUniversity of Delhi. Faculty of Interdisciplinary & Applied Sciences. Department of Genetics